000 00577cam a22002053a 4500
001 37235
003 PGUSA
005 20140828083821.0
008 110828s2011||||xxu|||||s|||||000 | eng d
040 _aPGUSA
_beng
042 _adc
100 1 _aAnstey, F.,
_d1856-1934
245 1 4 _aThe Black Poodle :
_bAnd Other Tales
_h[electronic resource] /
_cF. Anstey
260 _bProject Gutenberg,
_c2011
506 _aPublic domain in the USA.
516 _aElectronic text
830 0 _aProject Gutenberg
_v37235
856 4 0 _uhttp://www.gutenberg.org/ebooks/37235
942 _cEB
999 _c266489
_d266489